Mass und zahl in der pathologie /

Bibliographic Details
Main Author: Roessle, Robert, 1876-
Other Authors: Roulet, Frédéric C., 1902-
Format: Book
Language:German
Published: Berlin und Wien : J. Springer, 1932.
Series:Pathologie und Klinik in Einzeldarstellungen ; Bd. 5.
Subjects:

MARC

Tag First Indicator Second Indicator Subfields
LEADER 00000cam a22000001 4500
001 in00004536813
005 20150715093554.0
008 810622s1932 gw a 000 0 ger
010 |a  32021587  
016 7 |a 01320540R  |2 DNLM 
035 |a (OCoLC)ocm11058358 
035 |a (OCoLC)11058358 
035 |z (UtOrBLW)69664 
035 |a 97542 
040 |a NLM  |b eng  |c NLM  |d AZA  |d ZCU  |d OCLCQ  |d OCLCO  |d OCLCF  |d OCLCQ  |d UtOrBLW 
049 |a TMVM 
050 4 |a RB27  |b .R62 
060 0 0 |a GN 56  |b R718m 1932 
100 1 |a Roessle, Robert,  |d 1876- 
245 1 0 |a Mass und zahl in der pathologie /  |c von professor dr. Robert Roessle ... und dr. Frédéric Roulet ... mit 27 abbildungen. 
264 1 |a Berlin und Wien :  |b J. Springer,  |c 1932. 
300 |a vi pages, 1 leaf, 144 pages :  |b illustrations. 
336 |a text  |b txt  |2 rdacontent 
337 |a unmediated  |b n  |2 rdamedia 
338 |a volume  |b nc  |2 rdacarrier 
490 1 |a Pathologie und Klinik in Einzeldarstellungen,  |v Bd. 5 
504 |a "Literaturverzeichnis": pages 141-144. 
650 0 |a Anatomy, Pathological. 
650 0 |a Human anatomy. 
650 0 |a Anthropometry. 
650 2 |a Anthropometry. 
650 2 |a Pathology. 
650 7 |a Anatomy, Pathological.  |2 fast  |0 (OCoLC)fst00808458 
650 7 |a Anthropometry.  |2 fast  |0 (OCoLC)fst00810253 
650 7 |a Human anatomy.  |2 fast  |0 (OCoLC)fst00962785 
700 1 |a Roulet, Frédéric C.,  |d 1902- 
830 0 |a Pathologie und Klinik in Einzeldarstellungen ;  |v Bd. 5. 
999 |a MARS 
999 f f |s 3e7ab061-da73-3aa4-ae5c-de7124cb8acd  |i 970507ce-f6d8-3e27-b458-07cb842987ae  |t 0 
952 f f |p storage  |a Texas A&M University  |b J.J. Pickle Campus  |c High Density Repository  |d Remote Storage  |t 0  |e GN 56 R718m 1932  |h National Library of Medicine classification  |i unmediated -- volume  |m 3238902529505 
998 f f |a GN 56 R718m 1932  |t 0  |l Remote Storage